[Event "Attica-ch U14"]
[Site "Athens"]
[Date "2008.01.02"]
[Round "1"]
[White "Rokas, Aggelos"]
[Black "Malamatas, Konstantinos"]
[Result "0-1"]
[WhiteElo "1015"]
[BlackElo "1730"]
[PlyCount "48"]
[EventDate "2008.01.02"]
[EventType "swiss"]
[EventRounds "7"]
[EventCountry "GRE"]
[SourceTitle "EXT 2011"]
[Source "ChessBase"]
[SourceDate "2010.11.26"]
[SourceVersion "1"]
[SourceVersionDate "2010.11.26"]
[SourceQuality "1"]

1. e4 c5 2. Nc3 Nc6 3. g3 Nf6 4. Bg2 e6 5. d3 Be7 6. Be3 d5 7. exd5 exd5 8. Bf4 0-0 9. Nf3 Bg4 10. 0-0 Qd7 11. Re1 Qf5 12. Qd2 Nh5 13. Nh4 Bxh4 14. Bd6 Rfd8 15. Bxc5 Bf6 16. Rab1 d4 17. Ne4 Ne5 18. f4 Nf3+ 19. Bxf3 Bxf3 20. Qf2 Bxe4 21. dxe4 Qxc5 22. e5 Be7 23. c3 dxc3 24. Qxc5 Bxc5+ 0-1